Statistics for Largest living New Zealand kauri trees

Click here to take the quiz!

General Stats

  • This quiz has been taken 6 times
  • The average score is 1 of 10

Answer Stats

Volume/m³Answer% Correct
244.5Tāne Mahuta
100%
170.6McGregor kauri
33%
131.1Hokianga kauri
0%
118.5Moetangi No. 1
0%
149.0Moetangi No. 1 (ward kauri)
0%
128.3Tairua kauri
0%
135.7Tānenui
0%
208.1Te Matua Ngahere
0%
155.1Te Tangi o te Tūī
0%
134.2Yakas kauri
0%

Score Distribution

Percentile by Number Answered

Percent of People with Each Score

Your Score History

You have not taken this quiz